Beyoncé - Chansons commençants par I - Statistiques

Statistiques générales
  • Ce quiz a été pris 7 fois
  • Le résultat moyen est 3 sur 8
Statistiques - réponses
I % Correct
If I Were a Boy
67%
II Hands II Heaven
50%
II Most Wanted
50%
I Care
33%
Irreplaceable
33%
I'm That Girl
17%
I Was Here
17%
I Miss You
0%
Aucun quiz correspondant
Distribution des résultats
% des personnes avec chaque résultat
Percentile par nombre de réponses
Votre historique - résultats
Vous n’avez pas pris ce quiz